Schleswig-Holstein ... oder Mecklenburg-Vorpommern? - Statistiken

Allgemein
  • Dieses Quiz wurde 74 mal gespielt
  • Das Durchschnittsergebnis liegt bei 13 aus 15
Antwortstatistiken
Frage Antwort % Korrekt
Grenzt an Dänemark. Schleswig-Holstein
100%
Zu den größten Städten zählen Schwerin, Stralsund, und Wismar. Mecklenburg-Vorpommern
99%
"Punkte in Flensburg" sind im weiteren Sinne "Punkte in ... ". Schleswig-Holstein
97%
Hat die niedrigste Bevölkerungsdichte von allen deutschen Bundesländern. Mecklenburg-Vorpommern
96%
Hier liegen die fünf größten Landkreise Deutschlands. (nach Fläche) Mecklenburg-Vorpommern
94%
Hier liegen drei der zehn größten Seen Deutschlands. Mecklenburg-Vorpommern
93%
Hat eine Großstadt direkt an der Grenze zum jeweils anderen Bundesland. Schleswig-Holstein
93%
Wird in Ost-West-Richtung von einem Kanal durchschnitten. Schleswig-Holstein
93%
Hat in der Saison 2024/25 einen Verein in der ersten Fußball-Bundesliga. Schleswig-Holstein
91%
Hat zwei Stiere auf seinem Landeswappen. Mecklenburg-Vorpommern
87%
Hier schrieb Theodor Storm über die "graue Stadt am Meer". Schleswig-Holstein
84%
Hier liegt "Deutschlands einziger Erlebnispark am Meer". Schleswig-Holstein
84%
Bekannt für historische Eisenbahnlinien wie die "Molli" oder den "Rasenden Roland". Mecklenburg-Vorpommern
66%
Ist in der Liste der 20 größten deutschen Inseln häufiger vertreten. Schleswig-Holstein
57%
Hier liegt das Zentrum eines S-Bahn-Systems. Mecklenburg-Vorpommern
51%
Keine übereinstimmenden Quizze gefunden
Verteilung der Resultate
Anzahl Personen mit jedem Resultat
Perzentil nach korrekt beantworteten Fragen
Ihre Resultats-Entwicklung
Sie haben dieses Quiz noch nicht gespielt